000 00192nam a2200097Ia 4500
008 240331s9999 xx 000 0 und d
082 _bALA
100 _aAlamelu, V
245 0 _aPasi
942 _cL
999 _c4385
_d4385